[Event "Cup Russia"]
[Site "Serpukhov RUS"]
[Date "2007.11.06"]
[Round "1.2"]
[White "Savchenko,B"]
[Black "Makarov,M"]
[Result "1/2-1/2"]
[WhiteElo "2583"]
[BlackElo "2518"]

1.e4 c5 2.Nf3 d6 3.d4 cxd4 4.Nxd4 Nf6 5.Nc3 Nc6 6.Bg5 g6 7.Bxf6 exf6 8.Bc4 Bg7
9.Ndb5 O-O 10.Nxd6 Ne5 11.Bb3 Bg4 12.f3 Be6 13.f4 Ng4 14.Bxe6 fxe6 15.Nc4 f5
16.e5 Qc7 17.Qe2 Rfd8 18.h3 Rac8 19.hxg4 Qxc4 20.Qxc4 Rxc4 21.gxf5 exf5 22.O-O Bf8
23.Rad1 Rxd1 24.Rxd1 Kf7 25.g3 Ke8 26.Kf1 Be7 27.Ke2 h5 28.Kd3 Rc5 29.b4 Rc8
30.Nd5 b5 31.c3 Kf7 32.Nxe7 Kxe7 33.Kc2 g5 34.Rh1 h4 35.gxh4 gxf4 36.h5 Ke6
37.h6 Kxe5 38.h7 Rh8 39.Kd3 Kf6 40.c4 bxc4+ 41.Kxc4 Kg7 42.Rg1+ Kf6 43.Rh1 Kg7
44.Rg1+  1/2-1/2

[Event "ch-IND w"]
[Site "Pune IND"]
[Date "2007.11.07"]
[Round "3"]
[White "Ramaswamy,A"]
[Black "Nimmy,A"]
[Result "1-0"]
[WhiteElo "2317"]
[BlackElo "2196"]

1.e4 c5 2.Nf3 d6 3.d4 cxd4 4.Nxd4 Nf6 5.Nc3 Nc6 6.Bg5 e6 7.Qd2 a6 8.O-O-O h6
9.Bf4 Bd7 10.Nxc6 Bxc6 11.f3 e5 12.Be3 b5 13.Kb1 Be7 14.g4 Qc7 15.Nd5 Bxd5
16.exd5 Nd7 17.h4 Rc8 18.Rh2 Qd8 19.Bd3 Nb6 20.g5 Nc4 21.Bxc4 bxc4 22.gxh6 gxh6
23.c3 h5 24.Rg1 Qd7 25.Qc2 Bf6 26.Bg5 Ke7 27.Rhg2 a5 28.Qe4 Bxg5 29.Rxg5 Qh3
30.Rg7 Rhf8 31.R7g5 f5 32.Rg7+ Rf7 33.Qe3 Rxg7 34.Rxg7+ Kf8 35.Qg1 Re8 36.Rg8+ Ke7
37.Qa7+  1-0

[Event "Open"]
[Site "Villa de Navalmoral ESP"]
[Date "2007.11.07"]
[Round "4"]
[White "Tissir,M"]
[Black "Rusev,K"]
[Result "1/2-1/2"]
[WhiteElo "2444"]
[BlackElo "2479"]

1.e4 c5 2.Nf3 d6 3.d4 Nf6 4.Nc3 cxd4 5.Nxd4 Nc6 6.Bg5 Bd7 7.Qd2 Rc8 8.O-O-O Nxd4
9.Qxd4 Qa5 10.h4 Rxc3 11.bxc3 e5 12.Qc4 d5 13.Rxd5 Nxd5 14.Qxd5 Qxc3 15.Qxb7 f6
16.Be3 Bb4 17.Kb1 O-O 18.Qxd7 Ba3 19.Bc4+ Qxc4 20.Qd5+ Qxd5 21.exd5 Rb8+
22.Ka1 Bb2+ 23.Kb1 Ba3+ 24.Ka1 Bb2+ 25.Kb1  1/2-1/2

[Event "FSIMA November"]
[Site "Budapest HUN"]
[Date "2007.11.08"]
[Round "6"]
[White "Mikkelsen,N"]
[Black "Wittmann,W"]
[Result "1-0"]
[WhiteElo "2315"]
[BlackElo "2304"]

1.e4 c5 2.Nf3 d6 3.d4 cxd4 4.Nxd4 Nf6 5.Nc3 Nc6 6.Bg5 e6 7.Qd2 Be7 8.O-O-O Nxd4
9.Qxd4 O-O 10.f4 h6 11.Bh4 Qa5 12.Bc4 Qh5 13.Bg3 Rd8 14.Rhe1 Bd7 15.f5 exf5
16.exf5 Re8 17.Nb5 Bf8 18.Nxd6 Bxd6 19.Bxd6 Rxe1 20.Rxe1 Bxf5 21.Re7 Rf8
22.Qf4 Qg6 23.Rc7 Nh5 24.Qd2 Rc8 25.Bxf7+ Qxf7 26.Rxf7 Kxf7 27.Qd5+ Kg6 28.c3 Nf6
29.Qxb7 Re8 30.Be7 Be4 31.Qxa7 Nd5 32.Bd6 Bf5 33.Qf2 Nf6 34.Bf4 Ng4 35.Qd2 Nf6
36.h3 Ne4 37.Qd4 h5 38.Be5  1-0

[Event "TCh-HUN 2007-8"]
[Site "Budapest HUN"]
[Date "2007.11.11"]
[Round "2"]
[White "Izso,D"]
[Black "Madl,I"]
[Result "0-1"]
[WhiteElo "2242"]
[BlackElo "2381"]

1.e4 c5 2.Nf3 d6 3.d4 cxd4 4.Nxd4 Nf6 5.Nc3 Nc6 6.Bg5 Bd7 7.Qd2 Rc8 8.O-O-O Nxd4
9.Qxd4 Qa5 10.f4 Rxc3 11.bxc3 e5 12.Qd3 Ng4 13.Qf3 h6 14.f5 hxg5 15.Qxg4 Qxc3
16.Qf3 Qa1+ 17.Kd2 Qxa2 18.Bd3 Qa5+ 19.Ke2 Be7 20.Ra1 Qc5 21.Qe3 a6 22.Qxc5 dxc5
23.Bc4 Bc6 24.Bd5 Bxd5 25.exd5 Kd7 26.h3 Kc7 27.c4 Rh4 28.g4 Rh6 29.Ke3 Rb6
30.Rab1 Rb4 31.Rxb4 cxb4 32.Ke4 Kd6 33.Kd3 Kc5 34.Re1 Bf6 35.Rd1 a5 36.Kc2 Kd6
37.Kb3 Bd8 38.Ka4 b6 39.Kb5 e4 40.Re1 Ke5 41.d6 Kd4 42.Kc6 b3 43.f6 Bxf6
44.Rf1 b2 45.Rxf6 gxf6 46.d7 b1=Q 47.d8=Q+ Kxc4 48.Qd5+ Kc3 49.Qxf7 Qf1 50.Kxb6 Qc4
51.Qe8 Qb4+ 52.Ka7 a4 53.Qc6+ Qc4  0-1

[Event "ch-IND w"]
[Site "Pune IND"]
[Date "2007.11.13"]
[Round "9"]
[White "Kiran,M"]
[Black "Nimmy,A"]
[Result "1-0"]
[WhiteElo "2263"]
[BlackElo "2196"]

1.e4 c5 2.Nf3 d6 3.d4 cxd4 4.Nxd4 Nf6 5.Nc3 Nc6 6.Bg5 e6 7.Qd2 a6 8.O-O-O h6
9.Be3 Bd7 10.f3 b5 11.Nxc6 Bxc6 12.Bd3 b4 13.Ne2 d5 14.e5 Nd7 15.f4 Nc5 16.Nd4 Qa5
17.Kb1 Bb5 18.f5 Be7 19.fxe6 fxe6 20.Bg6+ Kd7 21.Nxe6 Bc6 22.Nd4 Na4 23.Bf5+ Kc7
24.Nb3 Qb5 25.Bd3 Qb8 26.Rhf1 Rf8 27.Bf4 g5 28.Bg3 a5 29.Rxf8 Qxf8 30.Rf1 Qg7
31.Nd4 Qg8 32.Rf7 Re8 33.Nf5 Kd8 34.Nxh6 Qh8 35.Rh7 Qf8 36.Nf5 Nc5 37.Bf2 Nxd3
38.Qxd3 Kc8 39.Qa6+ Bb7 40.Nd6+ Kd8 41.Nxb7+ Kd7 42.Nc5+ Kc7 43.Qb7+  1-0

[Event "ch-IND w"]
[Site "Pune IND"]
[Date "2007.11.15"]
[Round "11"]
[White "Amrutha,M"]
[Black "Nimmy,A"]
[Result "0-1"]
[WhiteElo "2159"]
[BlackElo "2196"]

1.e4 c5 2.Nf3 d6 3.d4 cxd4 4.Nxd4 Nf6 5.Nc3 Nc6 6.Bg5 e6 7.Qd2 a6 8.O-O-O h6
9.Be3 Bd7 10.f3 b5 11.Nxc6 Bxc6 12.Ne2 Be7 13.Nd4 Bb7 14.g4 Nd7 15.Bd3 Ne5
16.Kb1 Rc8 17.Qe2 Nc4 18.Bxc4 bxc4 19.c3 Qc7 20.Bc1 Qc5 21.h4 h5 22.Rdg1 g6
23.Ka1 Qe5 24.Rh3 Qc5 25.Be3 Qa5 26.Nc2 hxg4 27.Rxg4 Rh5 28.Bd4 Qa4 29.a3 Ra5
30.Bb6 Rb5 31.Be3 Kd7 32.Nd4 Ra5 33.Bg5 Rb8 34.Qc2 Qxc2 35.Nxc2 Bc6 36.Ne3 Rc5
37.Rh2 Rh8 38.Bxe7 Kxe7 39.Ka2 Ba4 40.Kb1 Bb3 41.Kc1 Rch5 42.Kd2 g5 43.Rh3 Rxh4
44.Rgxh4 Rxh4 45.Rg3 f6 46.Rg1 Rh2+ 47.Ng2 Kd7 48.Ke3 Kc6 49.f4 gxf4+ 50.Kxf4 Bc2
51.Ne3 Bd3 52.Rg6 Rh4+ 53.Rg4 Rh3 54.Ng2 Bxe4 55.Ne3 d5 56.Rg3 Rh2 57.Nxc4 Rh4+  0-1

[Event "WYb18"]
[Site "Kemer TUR"]
[Date "2007.11.19"]
[Round "2"]
[White "Genzling,A"]
[Black "Margvelashvili,G"]
[Result "0-1"]
[WhiteElo "2279"]
[BlackElo "2451"]

1.e4 c5 2.Nf3 d6 3.d4 cxd4 4.Nxd4 Nf6 5.Nc3 Nc6 6.Bg5 e6 7.Qd2 Be7 8.O-O-O Nxd4
9.Qxd4 O-O 10.f3 a6 11.Bc4 b5 12.Bb3 Qc7 13.h4 Bd7 14.Bxf6 gxf6 15.f4 Qa7
16.f5 Qxd4 17.Rxd4 Kh8 18.g4 Rg8 19.Rg1 h5 20.Ne2 Rxg4 21.Rxg4 hxg4 22.Ng3 Kg7
23.c4 Rc8 24.Bd1 Rh8 25.c5 Rc8 26.b4 Rc7 27.Bxg4 dxc5 28.bxc5 Bxc5 29.Rd3 Bd6+
30.Kd2 Bf4+ 31.Kd1 Kh6 32.Ne2 Be5 33.Nd4 Bc8 34.fxe6 fxe6 35.Bxe6 Kh5 36.Bxc8 Rxc8
37.Nf5 Rc4 38.Re3 a5 39.Rb3 b4 40.Re3 a4  0-1

[Event "WYb16"]
[Site "Kemer TUR"]
[Date "2007.11.19"]
[Round "2"]
[White "Adhiban,B"]
[Black "Ton That Nhu Tung"]
[Result "1-0"]
[WhiteElo "2422"]
[BlackElo "2216"]

1.e4 c5 2.Nf3 d6 3.d4 cxd4 4.Nxd4 Nf6 5.Nc3 Nc6 6.Bg5 Bd7 7.Be2 e6 8.Ndb5 Qb8
9.a4 a6 10.Na3 Qc7 11.Qd2 Be7 12.Rd1 Rd8 13.Nc4 Bc8 14.Be3 Qb8 15.Bb6 Rd7
16.Qf4 O-O 17.O-O Ne5 18.Rd2 Nxc4 19.Bxc4 Bd8 20.a5 Bc7 21.b3 Rdd8 22.Rfd1 Bxb6
23.axb6 e5 24.Qe3 Be6 25.Nd5 Bxd5 26.Bxd5 Qc8 27.Bc4  1-0

[Event "WYb14"]
[Site "Kemer TUR"]
[Date "2007.11.21"]
[Round "4"]
[White "Lagarde,M"]
[Black "Robson,R"]
[Result "0-1"]
[WhiteElo "2256"]
[BlackElo "2368"]

1.e4 c5 2.Nf3 d6 3.d4 cxd4 4.Nxd4 Nf6 5.Nc3 Nc6 6.Bg5 e6 7.Qd2 Be7 8.O-O-O Nxd4
9.Qxd4 O-O 10.f4 Qa5 11.Bc4 Bd7 12.e5 dxe5 13.fxe5 Bc6 14.Bd2 Nd7 15.Nd5 Qd8
16.Nxe7+ Qxe7 17.Qf4 a5 18.Rhe1 b5 19.Bd3 Nc5 20.Qg3 Nxd3+ 21.Qxd3 Bd5 22.Qg3 f5
23.exf6 Qxf6 24.Kb1 b4 25.Be3 Rac8 26.Bd4 Qg6 27.Qxg6 hxg6 28.g3 a4 29.b3 a3
30.Rf1 Rf5 31.Rf4 Rh5 32.Rf2 Be4 33.Re1 Bf5 34.Be3 Rh8 35.Rd1 Kh7 36.Rd4 Rhd8
37.Rxb4 Rc3 38.Bc1 Rd1 39.g4 Re3 40.Rd2 Rh1 41.Ra4 Ree1 42.Rxa3 Rxc1+ 43.Kb2 Bxg4
44.Ra7 e5 45.Re7 Rce1 46.Rd8 e4 47.Rde8 Rxh2 48.Rxe4 Rxe4 49.Rxe4 Bf5 50.Rc4 g5
51.a4 g4 52.a5 g3 53.a6 g2 54.a7 g1=Q 55.a8=Q Rh1 56.Qa2 Qc1+ 57.Kc3 Qe1+
58.Kd4 Qh4+ 59.Kc5 Qe7+ 60.Kb5 Bd7+  0-1

[Event "WYb18"]
[Site "Kemer TUR"]
[Date "2007.11.21"]
[Round "4"]
[White "Kociscak,J"]
[Black "Kvon,A"]
[Result "0-1"]
[WhiteElo "2223"]
[BlackElo "2360"]

1.e4 c5 2.Nf3 Nc6 3.d4 cxd4 4.Nxd4 Nf6 5.Nc3 d6 6.Bg5 Qb6 7.Nb3 e6 8.Qd2 Be7
9.O-O-O O-O 10.f3 a6 11.h4 Rd8 12.Be3 Qc7 13.Qf2 Nd7 14.g4 Nce5 15.g5 b5
16.Kb1 b4 17.Ne2 Bb7 18.Ned4 d5 19.Be2 Nc4 20.Bc1 dxe4 21.Bxc4 Qxc4 22.Na5 Qc7
23.Nxb7 Qxb7 24.f4 Nb6 25.h5 Nd5 26.g6 Bf6 27.Nb3 Qa7 28.Qh2 a5 29.h6 fxg6
30.hxg7 Qxg7 31.Nc5 Re8 32.f5 Qc7 33.Qh6 Re7 34.Nxe6 Qe5 35.fxg6 Qxe6 36.gxh7+ Kh8
37.Rxd5 Bg7 38.Qh5 e3 39.Rhd1 Rae8 40.Qe2 a4 41.R5d3 Qf6 42.Rf1 Qa6 43.Re1 Qf6
44.Rf1 Qg5 45.a3 Qb5 46.Re1 bxa3 47.Rxa3 Qb4 48.c3 Qe4+ 49.Qc2 e2 50.Rxa4 Qf3
51.Rf4 Qa8 52.Qg6 Qd5 53.Qc2 Ra7 54.Ra4 Rxa4 55.Qxa4 Ra8 56.Qxa8+ Qxa8 57.Rxe2 Kxh7
58.c4 Bd4 59.Rc2 Bc5 60.Bd2 Qa4 61.Bc1 Kg6  0-1

[Event "WYb14"]
[Site "Kemer TUR"]
[Date "2007.11.22"]
[Round "5"]
[White "Grandelius,N"]
[Black "Straka,Jo"]
[Result "1-0"]
[WhiteElo "2377"]
[BlackElo "2039"]

1.e4 c5 2.Nf3 d6 3.d4 cxd4 4.Nxd4 Nf6 5.Nc3 Nc6 6.Bg5 e6 7.Qd2 a6 8.O-O-O Bd7
9.f4 b5 10.Bxf6 gxf6 11.Kb1 Qb6 12.Nxc6 Bxc6 13.f5 e5 14.Nd5 Bxd5 15.Qxd5 Rc8
16.Qb3 h5 17.a4 b4 18.Bc4 Rc7 19.Rd5 Rg8 20.g3 Rg4 21.Qd3 Rc6 22.Rd1 Rg5
23.a5 Qb7 24.Bb3 Kd7 25.Ba4 Kc7 26.Bxc6 Qxc6 27.Qb3 h4 28.R1d3 hxg3 29.hxg3 Qb7
30.Rc5+ Kb8 31.Rc4 d5 32.Rxd5 Be7 33.Qd3  1-0

[Event "WYb16"]
[Site "Kemer TUR"]
[Date "2007.11.22"]
[Round "5"]
[White "Mammadov,A"]
[Black "Benidze,D"]
[Result "1-0"]
[WhiteElo "2247"]
[BlackElo "2365"]

1.e4 c5 2.Nf3 d6 3.d4 cxd4 4.Nxd4 Nf6 5.Nc3 Nc6 6.Bg5 e6 7.Qd2 a6 8.Rd1 Bd7
9.Be2 h6 10.Bh4 Nxe4 11.Bxd8 Nxd2 12.Bb6 Nxd4 13.Bxd4 Bc6 14.Rxd2 e5 15.Bb6 Bxg2
16.Rg1 Bc6 17.Kf1 g6 18.Nd5 Rc8 19.Nf6+ Ke7 20.Bg4 h5 21.Bxc8  1-0

[Event "WYb18"]
[Site "Kemer TUR"]
[Date "2007.11.22"]
[Round "5"]
[White "Blomqvist,E"]
[Black "Hansen,Al"]
[Result "0-1"]
[WhiteElo "2334"]
[BlackElo "2189"]

1.e4 c5 2.Nf3 Nc6 3.d4 cxd4 4.Nxd4 Nf6 5.Nc3 d6 6.Bg5 e6 7.Qd2 a6 8.O-O-O Bd7
9.f4 b5 10.Bxf6 gxf6 11.Kb1 Qb6 12.Nxc6 Bxc6 13.f5 Qc5 14.Bd3 O-O-O 15.fxe6 fxe6
16.Rhf1 Be7 17.Ne2 Kb7 18.Nc1 Ka7 19.Nb3 Qb6 20.Qh6 Rde8 21.Qh3 Bd8 22.c3 e5
23.Bc2 a5 24.Rxd6 Be7 25.Rdd1 a4 26.Nc1 h5 27.a3 Rhg8 28.g3 Qe3 29.Rfe1 Qf3
30.Qe6 Kb6 31.Rd3 Qf2 32.Re2 Qf1 33.Qf7 h4 34.gxh4 Qf4 35.Rd1 Qxh4 36.Ka1 Qg4
37.Qa2 Rd8 38.Rde1 Qf3 39.c4 Rg2 40.cxb5 Rxe2 41.Rxe2 Bxb5 42.Qe6+ Bd6 43.Rd2 Kc7
44.Bxa4 Bxa4 45.Qc4+ Bc6 46.Rc2 Bc5 47.Qxc5 Qxe4 48.Nb3 Rd1+ 49.Ka2 Kd7 50.Qc3 Bd5
51.Qc8+ Kd6 52.Qf8+ Kd7 53.Qg7+ Ke6 54.Rc6+ Bxc6 55.Nc5+ Kf5 56.Qh7+ Kf4
57.Qh6+ Kf3 58.Nxe4 Kxe4 59.a4 Bd5+ 60.Ka3 f5 61.a5 f4 62.Qg6+ Ke3 63.Qb6+ Rd4
64.b4 f3 65.Qh6+ Ke2 66.Qh5 e4 67.b5 Ke1 68.Qg5 Rd3+ 69.Kb4 f2 70.Qc1+ Ke2
71.Qc2+ Rd2  0-1

[Event "WYb14"]
[Site "Kemer TUR"]
[Date "2007.11.22"]
[Round "6"]
[White "Mehar,C"]
[Black "Nagy,Ga"]
[Result "1-0"]
[WhiteElo "2246"]
[BlackElo "2140"]

1.e4 c5 2.Nf3 Nc6 3.d4 cxd4 4.Nxd4 Nf6 5.Nc3 d6 6.Bg5 e6 7.Qd2 a6 8.O-O-O Bd7
9.f4 h6 10.Bxf6 Qxf6 11.Nb3 Qd8 12.Nd4 Be7 13.Kb1 Qc7 14.g3 Rc8 15.Bg2 Na5
16.Bf1 b5 17.Bd3 Qb6 18.Nce2 b4 19.Rhe1 Bf6 20.Nb3 Nb7 21.e5 Be7 22.Be4 d5
23.Bg2 g6 24.g4 Rc4 25.Rf1 Qc7 26.Nbd4 a5 27.b3 Rc5 28.f5 Qxe5 29.fxg6 fxg6
30.Nf4 Bg5 31.Rde1 Qd6 32.Qd3 Bxf4 33.Qxg6+ Kd8 34.Qf6+ Kc7 35.Nxe6+ Kb6
36.Nxc5 Nxc5 37.Rxf4 Be6  1-0

[Event "WYb14"]
[Site "Kemer TUR"]
[Date "2007.11.22"]
[Round "6"]
[White "Narayanan,Sr"]
[Black "Nikolashvili,G"]
[Result "0-1"]
[WhiteElo "2201"]
[BlackElo "2112"]

1.e4 c5 2.Nf3 d6 3.d4 cxd4 4.Nxd4 Nf6 5.Nc3 Nc6 6.Bg5 e6 7.Qd2 Be7 8.O-O-O O-O
9.f3 Qa5 10.Be3 a6 11.Kb1 Qc7 12.g4 b5 13.g5 Nd7 14.h4 Bb7 15.h5 Nde5 16.Qg2 b4
17.Nce2 Nc4 18.Bc1 Rac8 19.g6 Bf6 20.h6 fxg6 21.Nxe6 Qb6 22.Qg1 Qa5 23.N2f4 b3
24.cxb3 Na3+ 25.bxa3 Qc3 26.Bc4 Qa1+ 27.Kc2 Qxa2+ 28.Kd3 Ne5+ 29.Ke3 Rxc4
30.bxc4 Nxc4+ 31.Kd3 Ne5+ 32.Ke3 Qb3+ 33.Nd3 Qxe6 34.Nxe5 Bxe5 35.Rd3 d5
36.Qg2 dxe4 37.fxe4 Bf4+  0-1

[Event "WYb18"]
[Site "Kemer TUR"]
[Date "2007.11.24"]
[Round "7"]
[White "Kvon,A"]
[Black "Viela,A"]
[Result "1-0"]
[WhiteElo "2360"]
[BlackElo "2135"]

1.e4 c5 2.Nc3 d6 3.Nge2 Nc6 4.d4 cxd4 5.Nxd4 Nf6 6.Bg5 e6 7.Qd2 a6 8.O-O-O Bd7
9.f4 h6 10.Bxf6 Qxf6 11.Nf3 Qd8 12.Bd3 Qc7 13.Rhe1 O-O-O 14.Kb1 Kb8 15.g4 g6
16.Bf1 Bc8 17.Re3 d5 18.exd5 Qxf4 19.Qe2 exd5 20.Nxd5 Qxg4 21.Red3 Bg7 22.h3 Qe6
23.Qd2 Ne5 24.Nxe5 Qxe5 25.Rb3 Rxd5 26.Qxd5 Qxd5 27.Rxd5 Be6 28.Bg2 Bxd5
29.Bxd5 Rd8 30.c4 Rd7 31.Rf3 f5 32.h4 Re7 33.Rg3 Bf6 34.Rxg6 Bxh4 35.Rxh6 Bg3
36.b4 Ka7 37.Kc2 Bc7 38.a4 b6 39.Rh8 Bb8 40.Rg8 f4 41.Kd1 Rd7 42.Ke2 b5 43.Kd3 bxa4
44.Kc3 Be5+ 45.Kc2 Rg7 46.Re8 Bb8 47.Kb2 Bd6 48.Ka3 Rg1 49.c5  1-0

[Event "KNSB TCh-NED 2007-8"]
[Site "Netherlands NED"]
[Date "2007.11.24"]
[Round "4"]
[White "Muhren,B"]
[Black "Berkvens,J"]
[Result "1/2-1/2"]
[WhiteElo "2303"]
[BlackElo "2452"]

1.e4 c5 2.Nf3 Nc6 3.d4 cxd4 4.Nxd4 Nf6 5.Nc3 d6 6.Bg5 e6 7.Qd2 a6 8.O-O-O Bd7
9.f4 h6 10.Bh4 g5 11.fxg5 Ng4 12.Be2 Nge5 13.Kb1 Be7 14.Bg3 hxg5 15.Qe3 Qa5
16.Rhf1 Rh7 17.h3 Qc5 18.Bf2 Nxd4 19.Qxd4 Qxd4 20.Bxd4 Bc6 21.a4 Rc8 22.Rf2 Rh4
23.Rdf1 f6 24.Rd1 Kf7 25.Be3 Kg6 26.Bd4 Bd8 27.Bxe5 dxe5 28.Bg4 Kf7 29.Rd6 Rxg4
30.hxg4 Bb6 31.Rfd2 Bd4 32.R2xd4 exd4 33.Rxd4 Rh8 34.b4 Ke7 35.b5 axb5 36.axb5 Bd7
37.Rc4 Rh4 38.Rc7 b6 39.Rb7 Rxg4 40.Rxb6 Rxg2 41.Rb8 Kd6 42.Kb2 Kc5 43.Kb3 Rg3
44.Rb7 Be8 45.Rb8 Bg6 46.Rc8+ Kd6 47.Kb4 Kd7 48.Rc4 Rh3 49.b6 Rh8 50.Nb5 Rb8
51.Rc7+ Kd8 52.Kc5 Bxe4 53.Na7 Rb7 54.Rc8+ Ke7 55.Rg8 e5 56.Nb5 Ke6 57.Nd6 Rxb6
58.Kxb6 Kxd6 59.c4 Ke6 60.Kc5 Kf5 61.Kd6 Kf4 62.c5 g4 63.c6 g3 64.c7 Bf5
65.Ke7 e4 66.Kxf6 e3 67.Rxg3 Kxg3  1/2-1/2

[Event "WYb14"]
[Site "Kemer TUR"]
[Date "2007.11.25"]
[Round "8"]
[White "Sjugirov,S"]
[Black "Vidit,S"]
[Result "0-1"]
[WhiteElo "2422"]
[BlackElo "2315"]

1.e4 c5 2.Nf3 d6 3.d4 cxd4 4.Nxd4 Nf6 5.Nc3 Nc6 6.Bg5 e6 7.Qd2 Be7 8.O-O-O O-O
9.f4 Nxd4 10.Qxd4 Qa5 11.Bc4 b5 12.Bxb5 Rb8 13.e5 dxe5 14.fxe5 Rxb5 15.exf6 Rb4
16.Qe3 Bc5 17.Qg3 Bf2 18.Qxf2 Qxg5+ 19.Kb1 Qxf6 20.Qc5 Rb7 21.Rd2 Qe7 22.Ne4 Qxc5
23.Nxc5 Re7 24.Re1 e5 25.b4 f5 26.g3 Rfe8 27.h4 Kf7 28.Rd6 e4 29.Re3 Be6
30.Kb2 g6 31.a4 Kf6 32.Kc3 Ke5 33.Rc6 Rc8 34.Ra6 Bd5 35.Kd2 Rec7 36.Ra5 Rd8
37.Rc3 Rf7 38.Re3 Rc7 39.c3 Bc4+ 40.Ke1 Rd5 41.Kf2 Rd2+ 42.Ke1 Rd5 43.Kf2 Rf7
44.Re1 a6 45.Ke3 h6 46.Rh1 Kd6 47.Rh2 Re7 48.Rf2 h5 49.Rb2 Rd1 50.Rc2 Kc6
51.Nxa6 Rd3+ 52.Kf2 Rf3+ 53.Kg2 Bf1+ 54.Kg1 e3 55.Nc5 Bc4 56.Kg2 e2 57.Rxe2 Bxe2
58.Ra8 Rxc3 59.Rc8+ Kd5 60.Rd8+ Kc4 61.Rd2 Kxb4 62.Nd7 Rd3  0-1

[Event "WYb14"]
[Site "Kemer TUR"]
[Date "2007.11.25"]
[Round "8"]
[White "Chan Wei Xuan,T"]
[Black "Nagy,Ga"]
[Result "1-0"]
[WhiteElo "2231"]
[BlackElo "2140"]

1.e4 c5 2.Nf3 Nc6 3.d4 cxd4 4.Nxd4 Nf6 5.Nc3 d6 6.Bg5 e6 7.Qd2 a6 8.O-O-O Bd7
9.f3 b5 10.Nxc6 Bxc6 11.Ne2 Rc8 12.Nd4 Bb7 13.Kb1 Be7 14.h4 h6 15.Be3 Nd7
16.g4 d5 17.Bd3 Ne5 18.Bf4 Nxf3 19.Nxf3 dxe4 20.Qe3 exd3 21.Rxd3 Qa5 22.Rhd1 Qa4
23.Nd4 Qc4 24.g5 hxg5 25.hxg5 g6 26.Qe5 Rh7 27.Rc3 Qd5 28.Qxd5 exd5 29.Re3 Kf8
30.Rde1 Bc5 31.c3 Rh4 32.Be5 Re4 33.Bf6 Ke8 34.Kc2 Be7 35.Kd3 Bxf6 36.gxf6 Kd7
37.Rh1 Rce8 38.Rf3 Kd6 39.Rh7 Rf8 40.Rf2 Ke5 41.Nf3+ Kxf6 42.Nd2+ Ke5 43.Rfxf7 Rxf7
44.Rxf7 Bc8 45.Nxe4 dxe4+ 46.Ke3 Be6 47.Ra7 Bxa2 48.Rxa6 Be6 49.Rb6 Bc4 50.Rxg6 Bd3
51.Rg5+ Kd6 52.Kd4 Ke6 53.Re5+ Kd6 54.Rxe4 Bxe4 55.Kxe4 Kc5 56.b3  1-0

[Event "WYb16"]
[Site "Kemer TUR"]
[Date "2007.11.25"]
[Round "8"]
[White "Nabaty,T"]
[Black "Bregadze,L"]
[Result "0-1"]
[WhiteElo "2426"]
[BlackElo "2394"]

1.e4 c5 2.Nf3 d6 3.d4 cxd4 4.Nxd4 Nf6 5.Nc3 Nc6 6.Bg5 e6 7.Qd2 Be7 8.O-O-O O-O
9.f3 Nxd4 10.Qxd4 a6 11.Kb1 Qc7 12.h4 b5 13.Bxf6 Bxf6 14.Qxd6 Ra7 15.Qxc7 Rxc7
16.Rd3 Bb7 17.Nd1 Rfc8 18.Ne3 b4 19.Rd6 g5 20.b3 a5 21.Ba6 gxh4 22.Bxb7 Rxb7
23.Ra6 Rb5 24.Rd1 Rg5 25.Ra7 h5 26.Rdd7 h3 27.gxh3 Rg3 28.e5 Bxe5 29.Rxa5 Bf4
30.Nd1 Rg2 31.Rd4 Rgxc2 32.a3 Rc1+ 33.Ka2 R8c2+ 34.Nb2 bxa3 35.Kxa3 Ra1+
36.Kb4 Rxa5 37.Rxf4 Rf5 38.Rxf5 exf5 39.Nc4 Rh2  0-1

[Event "WYg16"]
[Site "Kemer TUR"]
[Date "2007.11.27"]
[Round "10"]
[White "Agrest,I"]
[Black "Guramishvili,S"]
[Result "0-1"]
[WhiteElo "2121"]
[BlackElo "2307"]

1.e4 c5 2.Nf3 d6 3.d4 cxd4 4.Nxd4 Nf6 5.Nc3 Nc6 6.Bg5 e6 7.Qd2 Qb6 8.Nb3 a6
9.f3 Be7 10.O-O-O O-O 11.g4 Rd8 12.Be3 Qc7 13.Qf2 Nd7 14.g5 b5 15.h4 Na5
16.h5 Nxb3+ 17.axb3 b4 18.Na4 Nc5 19.Nxc5 dxc5 20.Rxd8+ Bxd8 21.g6 Bf6 22.f4 Bb7
23.Bd3 Qa5 24.Kb1 Rc8 25.Rg1 c4 26.gxh7+ Kh8 27.e5 cxd3 28.cxd3 Bd5 29.exf6 Bxb3
30.fxg7+ Kxh7 31.Bc5 Ba2+ 32.Kc1 Qxc5+ 33.Qxc5 Rxc5+ 34.Kd2 Kg8 35.Rg5 Rxg5
36.fxg5 Kxg7 37.Ke3 f6 38.gxf6+ Kxf6 39.Kd4 Bd5 40.Kc5 b3 41.d4 Kf5 42.Kb6 Kg5
43.Kxa6 Kxh5  0-1

[Event "WYb16"]
[Site "Kemer TUR"]
[Date "2007.11.27"]
[Round "10"]
[White "Wickstrom,L"]
[Black "Ton That Nhu Tung"]
[Result "1-0"]
[WhiteElo "2115"]
[BlackElo "2216"]

1.e4 c5 2.Nf3 Nc6 3.d4 cxd4 4.Nxd4 Nf6 5.Nc3 d6 6.Bg5 Bd7 7.Be2 Qa5 8.Bxf6 gxf6
9.O-O Rg8 10.Nd5 Bh3 11.Bf3 Ne5 12.Ne3 Bh6 13.Ndf5 Bxe3 14.Nxe3 Be6 15.Be2 Qb4
16.f3 Qxb2 17.Qd2 Qb6 18.Rab1 Qc7 19.f4 Nc4 20.Bxc4 Bxc4 21.Nxc4 Qxc4 22.Rxb7 Qxe4
23.Rfb1 Kf8 24.R1b4 Qc6 25.f5 Rc8 26.Rb8 Rxb8 27.Qh6+  1-0

[Event "WYg18"]
[Site "Kemer TUR"]
[Date "2007.11.27"]
[Round "10"]
[White "Rysbayeva,A"]
[Black "Zhorzholiani,M"]
[Result "1/2-1/2"]
[WhiteElo "2170"]
[BlackElo "2110"]

1.e4 c5 2.Nf3 d6 3.d4 cxd4 4.Nxd4 Nf6 5.Nc3 Nc6 6.Bg5 e6 7.Be2 Qb6 8.Nb3 a6
9.O-O Be7 10.Kh1 O-O 11.f4 Rd8 12.Qe1 Qc7 13.Rd1 b5 14.a3 Bb7 15.Bd3 Ne8
16.Bxe7 Qxe7 17.Qg3 b4 18.axb4 Nxb4 19.Na5 Qc7 20.Nxb7 Qxb7 21.Bc4 Nf6 22.e5 dxe5
23.fxe5 Ne8 24.Bb3 Qe7 25.Ne4 Rxd1 26.Rxd1 Rd8 27.Rf1 h6 28.h3 Kh8 29.c3 Nd5
30.c4 Nb4 31.Ba4 f5 32.exf6 Nxf6 33.Nxf6 Rf8 34.Qe5 Rxf6 35.Rd1 Qf8 36.Qd4 Rf1+
37.Rxf1 Qxf1+ 38.Kh2 e5 39.Qxe5 Qxc4 40.Bd7 Qg8 41.Qd6 Qd8 42.Kh1 a5 43.b3 Na6
44.Qd5 Nc5 45.Bc6 Qxd5 46.Bxd5 Kh7 47.Kg1 Kg6 48.Kf2 a4 49.bxa4 Nxa4 50.Ke3 Nb6
51.Bc6 Nc8 52.Ke4 Kf6 53.Kf4 Nd6 54.Bd5 Nb5 55.Be4 Nd6 56.Bd5 Ke7 57.h4 Kf6
58.Kg4 Nf7  1/2-1/2

[Event "20th Belgrade Trophy"]
[Site "Belgrade SRB"]
[Date "2007.11.28"]
[Round "7"]
[White "Kuzmanovic,R"]
[Black "Ugrenovic,B"]
[Result "1-0"]
[WhiteElo "1945"]
[BlackElo "2108"]

1.e4 c5 2.Nf3 Nc6 3.d4 cxd4 4.Nxd4 Nf6 5.Nc3 d6 6.Bg5 Bd7 7.Qd2 Rc8 8.O-O-O Nxd4
9.Qxd4 Qa5 10.f4 h6 11.Bh4 g5 12.e5 gxh4 13.exf6 e6 14.Bd3 Qc5 15.Qe4 Bc6
16.Qe2 Rg8 17.Rhg1 a6 18.g4 Qd4 19.f5 Qxf6 20.fxe6 fxe6 21.Rde1 Kd7 22.h3 Bg7
23.Kb1 Rgf8 24.Rgf1 Qe5 25.Qd2 Rxf1 26.Bxf1 Qd4 27.Bd3 Rf8 28.Nd1 Rf3 29.g5 h5
30.g6 Rg3 31.Qe2 Bd5 32.Rf1 Rg1 33.c3 Qa4 34.Rxg1 Qxa2+ 35.Kc2 Bb3+ 36.Kd2 Bxd1
37.Qxd1 Qxb2+ 38.Qc2 Bxc3+ 39.Ke2 Qb6 40.Qa4+ Ke7 41.Rf1  1-0

[Event "20th Belgrade Trophy"]
[Site "Belgrade SRB"]
[Date "2007.11.28"]
[Round "7"]
[White "Stojkovska,M"]
[Black "Drobnjak,Z"]
[Result "1/2-1/2"]
[WhiteElo "1878"]
[BlackElo "2188"]

1.e4 c5 2.Nf3 Nc6 3.d4 cxd4 4.Nxd4 Nf6 5.Nc3 d6 6.Bg5 e6 7.Be2 Be7 8.O-O a6
9.Bf3 Ne5 10.Be2 Nc6 11.Re1 O-O 12.Nxc6 bxc6 13.e5 dxe5 14.Qxd8 Bxd8 15.Bf3 Bb7
16.Rad1 h6 17.Bxf6 Bxf6 18.Ne4 Rab8 19.Nc5 Bc8 20.b3 Rb5 21.Nd3 Rd8 22.Bxc6 Rb6
23.Bf3 Rbd6 24.Rb1 a5 25.Nxe5 Rd2 26.Nc6 R8d6 27.Rbd1 a4 28.bxa4 Bd7 29.Na5 Bxa4
30.Nb3 Rxd1 31.Rxd1 Ra6 32.c4 Be7 33.Rc1 Kf8 34.Kf1 Ke8 35.Rd1 Bd7 36.Rd2 Bb4
37.Rc2 e5 38.Be4 Kd8 39.Ke2 Kc7 40.c5 f5 41.Bd5 Bb5+ 42.Ke3 g5 43.Bc4 Kc6
44.Be6 Ba4 45.Bxf5 Bxb3 46.axb3 Bxc5+ 47.Ke2 Kd6 48.Bd3 Ra1 49.Bc4 Bd4 50.b4 e4
51.Rd2 Ke5 52.Ra2 Rg1 53.Ra5+ Kf6 54.Ra6+ Ke5 55.Ra5+ Kf6 56.Ra6+ Ke5 57.Ra5+  1/2-1/2

[Event "WYb14"]
[Site "Kemer TUR"]
[Date "2007.11.28"]
[Round "11"]
[White "Narayanan,Sr"]
[Black "Vidit,S"]
[Result "1-0"]
[WhiteElo "2201"]
[BlackElo "2315"]

1.e4 c5 2.Nf3 d6 3.d4 cxd4 4.Nxd4 Nf6 5.Nc3 Nc6 6.Bg5 e6 7.Qd2 Be7 8.O-O-O O-O
9.f3 a6 10.h4 Nxd4 11.Qxd4 b5 12.Kb1 Bb7 13.Qd2 Qc7 14.Ne2 Rfd8 15.Nd4 Rac8
16.Bd3 b4 17.g4 a5 18.h5 d5 19.e5 Ne4 20.fxe4 dxe4 21.Bxe7 Qxe7 22.Ba6 e3
23.Qd3 Bxa6 24.Nc6 Rxd3 25.Nxe7+ Kf8 26.Nxc8 Rxd1+ 27.Rxd1 Bxc8 28.Re1 f6
29.Rxe3 Kf7 30.c3 bxc3 31.Rxc3 Ba6 32.Rc7+ Kg8 33.exf6 gxf6 34.h6 f5 35.gxf5 exf5
36.Kc1  1-0

[Event "Open"]
[Site "Rijeka CRO"]
[Date "2007.11.28"]
[Round "5"]
[White "Bosiocic,Mari"]
[Black "Sudakova,I"]
[Result "1/2-1/2"]
[WhiteElo "2491"]
[BlackElo "2326"]

1.e4 c5 2.Nf3 d6 3.d4 cxd4 4.Nxd4 Nf6 5.Nc3 Nc6 6.Bg5 e6 7.Qd2 a6 8.O-O-O Bd7
9.f4 b5 10.Bxf6 gxf6 11.Kb1 Qb6 12.Nxc6 Bxc6 13.f5 Qc5 14.Bd3 b4 15.Ne2 a5
16.Nf4 Qe5 17.fxe6 fxe6 18.Rhe1 Bh6 19.g3 Qc5 20.Qe2 Bxf4 21.gxf4 O-O-O 22.c3 Kb8
23.Rc1 Rc8 24.Qg4 e5 25.Ba6 Rc7 26.Qe6 exf4 27.cxb4 Qxb4 28.Qxf6 Bxe4+ 29.Ka1 Re8
30.Qxf4 Bg6 31.Qxb4+ axb4 32.Rxe8+ Bxe8 33.Rxc7 Kxc7 34.Bd3 h6 35.a3 bxa3
36.bxa3 Kb6 37.Kb2 Kc5 38.Kc3 d5 39.h4 d4+ 40.Kd2 Bd7 41.Ke2 Kd5 42.Kf3 Ke5
43.Kg3 Ba4 44.Kf3  1/2-1/2